[Event "NOR-chT Clubs"]
[Site "Drammen"]
[Date "2010.10.10"]
[Round "6"]
[White "Standal, Bard"]
[Black "Sevland, Rune Kristian"]
[Result "1/2-1/2"]
[WhiteElo "1750"]
[BlackElo "1506"]
[PlyCount "86"]
[EventDate "2010.10.08"]
[EventType "team"]
[EventRounds "6"]
[EventCountry "NOR"]
[SourceTitle "EXT 2015"]
[Source "ChessBase"]
[SourceDate "2014.11.20"]
[SourceVersion "1"]
[SourceVersionDate "2014.11.20"]
[SourceQuality "1"]
[WhiteTeam "Tonsberg"]
[BlackTeam "Sevland"]
[WhiteTeamCountry "NOR"]
[BlackTeamCountry "NOR"]

1. Nf3 Nf6 2. d3 d5 3. Nbd2 Nc6 4. e4 dxe4 5. dxe4 Bg4 6. h3 Bh5 7. g4 Bg6 8. Qe2 a6 9. c3 e6 10. Bg2 Bc5 11. 0-0 0-0 12. Re1 Nd7 13. e5 Nb6 14. Ne4 Be7 15. Rd1 Qe8 16. Bg5 Bxg5 17. Nexg5 Nd5 18. Ne4 Qe7 19. Rd2 Rad8 20. Rad1 Rd7 21. Qc4 Rfd8 22. Ng3 Nb6 23. Qe2 Rxd2 24. Rxd2 Rxd2 25. Nxd2 Nd5 26. Bxd5 exd5 27. f4 f6 28. f5 Be8 29. e6 Ne5 30. Qe3 b6 31. Nf3 Nxf3+ 32. Qxf3 Qc5+ 33. Qf2 Qxf2+ 34. Kxf2 g6 35. Ke3 Kf8 36. Kd4 c6 37. b4 Ke7 38. c4 dxc4 39. Kxc4 h5 40. a3 h4 41. Nf1 gxf5 42. gxf5 Bh5 43. Ne3 Kd6 1/2-1/2